000 00541nam a2200181Ia 4500
008 180921t xxu||||| |||| 00| 0 sin d
041 _asin
080 _a621.1
_bHIC
100 _aHivins, Rob
245 _aතහඩු නමන යන්ත්‍රයක් සාදාගන්නා අන්දම
246 _aThahadu namana yantrayak saadaagannaa andama
300 _a46p., ill., 24 cm
440 _aKarmanthashalaa upakarana
650 _aMachines
942 _cBK
999 _c18359
_d18359
003 LK-CoDNM
040 _aLK-CoDNM
_dLK-CoDNM
_eLK-CoDNM